01010nam a22002537b 4500003000500000005001700005008004100022020003000063040001900093041001200112082001700124245016800141260005800309300010600367500002000473610003000493610003700523650003100560650003700591650004400628700002900672700002700701700002800728322820251218152211.0251218b sa ||||| |||| 00| 0 eng d a9781431432028 (paperback) aMPLc3228erda aenglish 0a323.168 INTE aInternational brigade against apartheid : bSecrets of the people's war that liberated South Africa /cEdited by Ronnie Kasrils with Muff Anderson & Oscar Marleyn. aAuckland Park, South Africa : bJacana Media,c 2021. ax, 360 pages, 8 unnumbered pages of plates : billustrations, portraits (some colour), maps ; c24 cm aIncludes index. 0aAfrican National Congress 0aUmkhonto we Sizwe (South Africa) 0a Anti-apartheid movements  0aApartheidzSouth AfricavHistory 0aGovernment, Resistance toySouth Africa aKasrils, Ronnie eeditor aAnderson, Muffeeditor aMarleyn, Oscar eeditor